Biological science / (Record no. 1097)
[ view plain ]
| 000 -LEADER | |
|---|---|
| fixed length control field | 02070cam a22005534a 4500 |
| 003 - CONTROL NUMBER IDENTIFIER | |
| control field | OSt |
| 005 - DATE AND TIME OF LATEST TRANSACTION | |
| control field | 20210624064107.0 |
| 008 - FIXED-LENGTH DATA ELEMENTS--GENERAL INFORMATION | |
| fixed length control field | 060113s2005 njuab 001 0 eng |
| 020 ## - INTERNATIONAL STANDARD BOOK NUMBER | |
| International Standard Book Number | 013150293X |
| 020 ## - INTERNATIONAL STANDARD BOOK NUMBER | |
| International Standard Book Number | 9780131502932 |
| 020 ## - INTERNATIONAL STANDARD BOOK NUMBER | |
| International Standard Book Number | 0131502956 |
| 020 ## - INTERNATIONAL STANDARD BOOK NUMBER | |
| International Standard Book Number | 9780131502956 |
| 020 ## - INTERNATIONAL STANDARD BOOK NUMBER | |
| International Standard Book Number | 0131502964 |
| 020 ## - INTERNATIONAL STANDARD BOOK NUMBER | |
| International Standard Book Number | 9780131502963 |
| 020 ## - INTERNATIONAL STANDARD BOOK NUMBER | |
| International Standard Book Number | 0131090283 |
| 020 ## - INTERNATIONAL STANDARD BOOK NUMBER | |
| International Standard Book Number | 9780131090286 |
| 020 ## - INTERNATIONAL STANDARD BOOK NUMBER | |
| International Standard Book Number | 0131409417 |
| 020 ## - INTERNATIONAL STANDARD BOOK NUMBER | |
| International Standard Book Number | 9780131409415 |
| 040 ## - CATALOGING SOURCE | |
| Transcribing agency | CLU |
| 050 #4 - LIBRARY OF CONGRESS CALL NUMBER | |
| Classification number | QH308.2 |
| Item number | .F73 2005 Vol.2 C2 |
| 100 1# - MAIN ENTRY--PERSONAL NAME | |
| Personal name | Freeman, Scott, |
| Dates associated with a name | 1955- |
| 245 10 - TITLE STATEMENT | |
| Title | Biological science / |
| Statement of responsibility, etc. | Scott Freeman ; contributors, Healy Hamilton [and others]. |
| 250 ## - EDITION STATEMENT | |
| Edition statement | 2nd ed. |
| 260 ## - PUBLICATION, DISTRIBUTION, ETC. | |
| Place of publication, distribution, etc. | Upper Saddle River, N.J. : |
| Name of publisher, distributor, etc. | Pearson Prentice Hall, |
| Date of publication, distribution, etc. | �2005. |
| 300 ## - PHYSICAL DESCRIPTION | |
| Extent | 3 volumes : |
| Other physical details | color illustrations, color maps ; |
| Dimensions | 29 cm + |
| Accompanying material | study guide (vi, 461 pages : illustrations ; 29 cm) + 1 CD-ROM (4 3/4 in.) |
| 336 ## - CONTENT TYPE | |
| Content type term | text |
| Content type code | txt |
| Source | rdacontent |
| 337 ## - MEDIA TYPE | |
| Media type term | unmediated |
| Media type code | n |
| Source | rdamedia |
| 338 ## - CARRIER TYPE | |
| Carrier type term | volume |
| Carrier type code | nc |
| Source | rdacarrier |
| 500 ## - GENERAL NOTE | |
| General note | Includes index. |
| 500 ## - GENERAL NOTE | |
| General note | Accompanied by Biological science : study guide. 2nd ed. / Warren Burggren ; with Brian Bagatto, Jay Brewster, Laurel Hester. |
| 650 #0 - SUBJECT ADDED ENTRY--TOPICAL TERM | |
| Topical term or geographic name entry element | Biology. |
| 650 #7 - SUBJECT ADDED ENTRY--TOPICAL TERM | |
| Topical term or geographic name entry element | Biology. |
| Source of heading or term | fast |
| Authority record control number or standard number | (OCoLC)fst00832383 |
| 700 1# - ADDED ENTRY--PERSONAL NAME | |
| Personal name | Hamilton, Healy. |
| 700 12 - ADDED ENTRY--PERSONAL NAME | |
| Personal name | Burggren, Warren W. |
| Title of a work | Biological science : study guide. |
| 910 ## - USER-OPTION DATA (OCLC) | |
| User-option data | UclaCollMgr MonosBKS20032006 20210419 |
| 910 ## - USER-OPTION DATA (OCLC) | |
| User-option data | cmh 060113 |
| -- | cmh 060113 |
| 910 ## - USER-OPTION DATA (OCLC) | |
| User-option data | MARS |
| 942 ## - ADDED ENTRY ELEMENTS (KOHA) | |
| Source of classification or shelving scheme | |
| Koha item type | Book |
| Suppress in OPAC | MM |
| 949 ## - LOCAL PROCESSING INFORMATION (OCLC) | |
| a | 5307442 |
| Withdrawn status | Lost status | Source of classification or shelving scheme | Damaged status | Not for loan | Permanent Location | Current Location | Shelving location | Date acquired | Total Checkouts | Full call number | Barcode | Date last seen | Date last checked out | Price effective from | Koha item type | Public note | Source of acquisition | Copy number |
|---|---|---|---|---|---|---|---|---|---|---|---|---|---|---|---|---|---|---|
| AU LIBRARY | AU LIBRARY | Open Shelf | 24.06.2021 | 1 | QH308.2 .F73 2005 | 28002642 | 14.11.2022 | 31.10.2022 | 24.06.2021 | Book | MM | |||||||
| AU LIBRARY | AU LIBRARY | Open Shelf | 04.04.2022 | QH308.2 .F73 2005 Vol.2 C2 | 28002909 | 04.04.2022 | 04.04.2022 | Book | JO | DONATION FROM MOI UNIVERSITY | 2 |